| 000 | 00693nam a22002057a 4500 | ||
|---|---|---|---|
| 003 | PILC | ||
| 005 | 20150530114142.0 | ||
| 008 | 150530b xxu||||| |||| 00| 0 eng d | ||
| 020 | _a9787609139995 | ||
| 020 | _a9781469839783 | ||
| 050 |
_aQR 41.2 _b.C814 2013 |
||
| 100 | _aCornelissen, Cynthia Nau. | ||
| 245 |
_aLippincott's illustrated reviews : _bmicrobiology / _cCynthia Nau Cornelissen, Bruce D. Fisher, Richard A. Harvey. |
||
| 250 | _a3rd ed. | ||
| 260 |
_aPhiladelphia : _bLippincott williams & Wilkins, _c2013. |
||
| 300 |
_a438 pages : _billustrations ; _c26 cm. |
||
| 500 | _aIncludes bibliographical references and index. | ||
| 650 | _aMicrobiology. | ||
| 942 |
_2lcc _cBK _kFOR |
||
| 999 |
_c284524 _d284524 |
||